| 000 | 00798nam a22001577a 4500 | ||
|---|---|---|---|
| 003 | OSt | ||
| 005 | 20151021090354.0 | ||
| 008 | 151021b xxu||||| |||| 00| 0 eng d | ||
| 040 | _cRUA | ||
| 082 | _aAVM SIM 2010 B095 Or.1 | ||
| 100 |
_92572 _aSIM BUNSAN |
||
| 245 | _aThe effec of biomin phytase 5000 supplementation in quail at animal experemantal station at rua, (ឥទ្ធិពលនៃការបន្ថែម BIOMIN PHYTASE5000 ក្នុងចំណីផ្សំ លើការលូតលាស់របស់ក្រួច នៅស្ថានីយ៍ពិសោធន៍សត្វ នៃសាកលវិទ្យាល័យភូមិន្្ទកសិកម្ម) | ||
| 260 |
_aphnom penh _brua _c2010 |
||
| 300 |
_aix, 43p. _bill. _c29cm. |
||
| 942 |
_2ddc _cAVM |
||
| 999 |
_c2421 _d2421 |
||